00311nam a2200109Ia 4500008004100000020001800041040002900059050002500088100001900113245004000132260002900172230222s9999||||xx |||||||||||||| ||und|| a0-07-225556-0 cChuka University Library aQA 76.755bM36 2005 aManning Cheryl 0awhat's new in microsoft office 2003 aMcGrawhillbBostonc2005